एणें वरें ज्ञानदेवों... / (Record no. 50800)

MARC details
000 -LEADER
fixed length control field 01038nam a22002537a 4500
005 - DATE AND TIME OF LATEST TRANSACTION
control field 2011022207587.0
008 - FIXED-LENGTH DATA ELEMENTS--GENERAL INFORMATION
fixed length control field 110222t xxu||||| |||| 00| 0 mar d
010 ## - LCCN (DPL NO)
LC control number MAR-20633
020 ## - INTERNATIONAL STANDARD BOOK NUMBER
Terms of availability 200.00
035 ## - SYSTEM CONTROL NUMBER
System control number MR-13291
037 ## - SOURCE OF ACQUISITION
Source of stock number/acquisition DBAD / PUB
040 ## - CATALOGING SOURCE
Original cataloging agency DPL
Language of cataloging MR
082 ## - DEWEY DECIMAL CLASSIFICATION NUMBER
Classification number 181.4
100 ## - MAIN ENTRY--PERSONAL NAME
9 (RLIN) 26164
Personal name भारद्वाज,वसु
245 ## - TITLE STATEMENT
Title एणें वरें ज्ञानदेवों... /
Statement of responsibility, etc वसु भारद्वाज
Remainder of title
246 ## - VARYING FORM OF TITLE
Title proper/short title Ene Vare Dhyandevo
Remainder of title Vasu Bharadwaj
260 ## - PUBLICATION, DISTRIBUTION, ETC. (IMPRINT)
Place of publication, distribution, etc पुणे
Name of publisher, distributor, etc प्रतिमा प्रकाशन
Date of publication, distribution, etc 2010
270 ## - ADDRESS
Address 1362,सदाशिव पेठ
City पुणे
Postal code 411030
300 ## - PHYSICAL DESCRIPTION
Extent 206पृ
Dimensions 21सेमी (सजिल्द)
650 ## - SUBJECT ADDED ENTRY--TOPICAL TERM
9 (RLIN) 26255
650 ## - SUBJECT ADDED ENTRY--TOPICAL TERM
9 (RLIN) 26256
942 ## - ADDED ENTRY ELEMENTS (KOHA)
Source of classification or shelving scheme Dewey Decimal Classification
Item type Marathi Books
Call number suffix भारद्वा
Classification part 181.4
Holdings
Withdrawn status Lost status Source of classification or shelving scheme Damaged status Not for loan Collection code Home library Current library Date acquired Source of acquisition Cost, normal purchase price Total Checkouts Full call number Barcode Date last seen Copy number Cost, replacement price Koha item type
    Dewey Decimal Classification   Not For Loan Non-fiction D.B.Act.Division D.B.Act.Division 28/02/2011 DBAD / PUB 200.00   181.4 भारद्वा MR-13291 28/02/2011 1 200.00 Marathi Books

© Delhi Public Library
Hit Counter
free hit counter